Construction daily log (Record no. 102473)

MARC details
000 -LEADER
fixed length control field 00876cam a2200241 4500
008 - FIXED-LENGTH DATA ELEMENTS--GENERAL INFORMATION
fixed length control field 021015n2002 000 0 eng u
020 ## - INTERNATIONAL STANDARD BOOK NUMBER
International Standard Book Number 0071408142
035 ## - SYSTEM CONTROL NUMBER
System control number (Sirsi) u120107
041 ## - LANGUAGE CODE
Language code of text/sound track or separate title eng.
050 ## - LIBRARY OF CONGRESS CALL NUMBER
Classification number 624
100 ## - MAIN ENTRY--PERSONAL NAME
Personal name Levy, S.
245 ## - TITLE STATEMENT
Title Construction daily log
250 ## - EDITION STATEMENT
Edition statement 2nd ed.
260 ## - PUBLICATION, DISTRIBUTION, ETC.
Place of publication, distribution, etc. Chicago
Name of publisher, distributor, etc. McGraw-Hill
Date of publication, distribution, etc. 2002
300 ## - PHYSICAL DESCRIPTION
Extent 400p.
Dimensions 25cm.
350 ## - PRICE (NR) (BK AM CF MU VM SE) [OBSOLETE]
Price 40.99
520 ## - SUMMARY, ETC.
Summary, etc. A daily activity diary for the construction industry which allows managers to track project-related activities: weather conditions, work force composition, job inspections and more. Includes checklists to to help ensure nothing is overlooked at any critical stage in a construction project.
650 ## - SUBJECT ADDED ENTRY--TOPICAL TERM
Topical term or geographic name entry element CONSTRUCTION PROJECT ORGANISATION
650 ## - SUBJECT ADDED ENTRY--TOPICAL TERM
Topical term or geographic name entry element Project management
9 (RLIN) 6261
650 ## - SUBJECT ADDED ENTRY--TOPICAL TERM
Topical term or geographic name entry element CIVIL ENGINEERING
690 ## - LOCAL SUBJECT ADDED ENTRY--TOPICAL TERM (OCLC, RLIN)
Topical term or geographic name as entry element BUILT ENVIRONMENT
942 ## - ADDED ENTRY ELEMENTS (KOHA)
Suppress in OPAC 0
Holdings
Withdrawn status Lost status Source of classification or shelving scheme Damaged status Not for loan Home library Current library Shelving location Date acquired Cost, normal purchase price Total Checkouts Full call number Barcode Date last seen Copy number Cost, replacement price Price effective from Koha item type
    Dewey Decimal Classification     London London Books 25/10/2002 34.84   624 LEV 30066570 06/08/2019 1 34.84 06/08/2019 Book